Strenae (Record no. 26466)

MARC details
000 -LEADER
campo de control de longitud fija 00696nam a2200193 i 4500
001 - NÚMERO DE CONTROL
campo de control 26466
003 - IDENTIFICADOR DE NÚMERO DE CONTROL
campo de control ES-MaACL
005 - FECHA Y HORA DE LA ÚLTIMA TRANSACCIÓN
campo de control 20250721063431.0
007 - CAMPO FIJO DE DESCRIPCIÓN FÍSICA--INFORMACIÓN GENERAL
campo de control de longitud fija t|
008 - DATOS DE LONGITUD FIJA--INFORMACIÓN GENERAL
campo de control de longitud fija 030109s1962 sp ||||1| spa d
100 1# - ENTRADA PRINCIPAL--NOMBRE DE PERSONA
Nombre de persona Artola, Miguel,
Fechas asociadas al nombre 1923-2020
9 (RLIN) 23497
245 10 - MENCIÓN DEL TÍTULO
Título Strenae
Resto del título : estudios de filología e historia dedicados al profesor Manuel García Blanco : [Un epistolario de Fernando VII] /
Mención de responsabilidad, etc. Miguel Artola.
260 ## - PUBLICACIÓN, DISTRIBUCIÓN, ETC.
Lugar de publicación, distribución, etc. Salamanca :
Nombre del editor, distribuidor, etc. Universidad de Salamanca,
Fecha de publicación, distribución, etc. 1962.
300 ## - DESCRIPCIÓN FÍSICA
Extensión 19 p. ;
Dimensiones 24 cm.
500 ## - NOTA GENERAL
Nota general Es Separata de: Filosofía y Letras, Tomo XVI.
740 3# - ENTRADA AGREGADA--TÍTULO RELACIONADO/ANALÍTICO NO CONTROLADO
Título relacionado o analítico no controlado Un epistolario de Fernando VII.
852 ## - LOCALIZACIÓN
Ubicación ES-MaACL
Número de control de estantería 2028-F-29
Sublocalización o colección R.49970
Holdings
Estatus retirado Estado de pérdida Estado de daño No para préstamo Colección Biblioteca de origen Biblioteca actual Ubicación en estantería Fecha de adquisición Fuente de adquisición Total de préstamos Signatura topográfica completa Código de barras Visto por última vez Precio de reemplazo Tipo de ítem Koha
        Colección de folletos Biblioteca del Ateneo de Madrid Biblioteca del Ateneo de Madrid Depósito folletos 17/01/2008     2028-F-29 1027316 23/02/2023 23/02/2023 Folleto